000 00621nam a2200205Ia 4500
005 20230822101602.0
008 131103s9999 xx 000 0 und d
020 _a041505708 6 (pbk)
_c10.99 pds
040 _aLoreto College
041 _aEnglish
082 _a915
_bCHA
245 4 _aThe changing geography of Asia
_cedited by Graham P.Chapman and Kathleen M.Baker
260 _aLondon
_bRoutledge
_c1992
300 _axvii,265 p.
_b illus.,fig.,tables
504 _aIncludes bibliographical references and index
650 _aAsia - Geography
700 _aChapman,Graham P.,ed.
850 _aLCLIB
942 _cBK
999 _c12517
_d62996